000 01610nam a2200385Ia 4500
001 ebr10661932
003 CaPaEBR
006 m o u
007 cr cn|||||||||
008 121031s2012 dcu sb i000 0 eng d
020 _z9781557754752
020 _z9781589065284
040 _aCaPaEBR
_cCaPaEBR
035 _a(OCoLC)815548360
050 1 4 _aHD2753.A3
_bK85 2012eb
100 1 _aKumar, Manmohan S.
245 1 0 _aGlobalization and corporate taxation
_h[electronic resource] /
_cprepared by Manmohan S. Kumar and Dennis P. Quinn.
260 _a[Washington, D.C.] :
_bInternational Monetary Fund,
_cc2012.
300 _a1 online resource (49 p.)
490 1 _aIMF working paper ;
_vWP/12/252
500 _aTitle from PDF title page (IMF Web site, viewed Oct. 31, 2012).
500 _a"Fiscal Affairs and Finance Department."
500 _a"October 2012."
504 _aIncludes bibliographical references.
533 _aElectronic reproduction.
_bPalo Alto, Calif. :
_cebrary,
_d2013.
_nAvailable via World Wide Web.
_nAccess may be limited to ebrary affiliated libraries.
650 0 _aCorporations
_xTaxation.
650 0 _aGlobalization.
655 7 _aElectronic books.
_2local
700 1 _aQuinn, Dennis P.
_q(Dennis Patrick),
_d1955-
710 2 _aInternational Monetary Fund.
_bFiscal Affairs Department.
710 2 _aInternational Monetary Fund.
_bFinance Dept.
710 2 _aebrary, Inc.
830 0 _aIMF working paper ;
_vWP/12/252.
856 4 0 _uhttp://site.ebrary.com/lib/rucke/Doc?id=10661932
_zAn electronic book accessible through the World Wide Web; click to view
999 _c171252
_d171252